Normas internacionales de contabilidad (NIIF) : (Registro nro. 21904)

Detalles MARC
000 -Cabecera
Campo de control interno 01386nam a2200289Ia 4500
005 - Fecha y hora del registro
control field 20260330124245.0
008 - Elementos de Longitud Fija
fixed length control field 260320s9999||||xx |||||||||||||| ||und||
020 ## - ISBN
ISBN 9788497324847
041 ## - Idioma
Codigo Idioma ESP
082 ## - DEWEY y NOTACIÓN INTERNA
Dewey 657
Notación Interna M19
100 ## - AUTOR
Autor denominación Mallo, Carlos,
Término de relación autor
245 #0 - TÍTULO DE MATERIAL BIBLIOGRÁFICO
Título Normas internacionales de contabilidad (NIIF) :
Título paralelo las normas internacionales de información financiera
250 ## - EDICIÓN
Edición Segunda edición
260 ## - CIUDAD, EDITORIAL, AÑO
Ciudad Madrid :
Nombre de la Editorial Thomson,
Año 2006
300 ## - DESCRIPCIÓN
N° Páginas xv, 375 páginas :
Otros detalles cuadros ;
Dimensiones 24 cm.
500 ## - NOTA GENERAL
Nota General No tiene portada / Datos extraídos de Worldcat
650 ## - TEMAS
Temas Tecnología (Ciencias Aplicadas)
653 ## - DESCRIPTORES
Lenguajes no controlado Contabilidad - Estandarización; Estados financieros - Normas
654 ## - PROGRAMAS
Programa Dpto. de Contabilidad
700 ## - OTROS AUTORES
Otros autores Pulido, Antonio,
Títulos y otras palabras asociadas con el nombre autor
856 ## - URL - UBICACIÓN
URI/URL: Enlace exacto del recurso <a href="https://itmsp.museknowledge.com/UCSP?url=https://www.ebooks7-24.com:443/?il=46821&pg=1">https://itmsp.museknowledge.com/UCSP?url=https://www.ebooks7-24.com:443/?il=46821&pg=1</a>
Nota pública: Versión digital <a href="Véase además: NIIF esenciales: comprensión y aplicación de los estándares, por Gamboa Suárez, Ramiro. Versión digital">Véase además: NIIF esenciales: comprensión y aplicación de los estándares, por Gamboa Suárez, Ramiro. Versión digital</a>
856 ## - URL - UBICACIÓN
URI/URL: Enlace exacto del recurso <a href="https://0u213uo9r-y-https-ebooks7--24-com.itmsp.museknowledge.com/biblioteca.aspx">https://0u213uo9r-y-https-ebooks7--24-com.itmsp.museknowledge.com/biblioteca.aspx</a>
Nota pública: Versión digital <a href="Véase además: Base de datos Ebook7-24">Véase además: Base de datos Ebook7-24</a>
856 ## - URL - UBICACIÓN
URI/URL: Enlace exacto del recurso <a href="https://www.legismovil.pe/Home3.asp?modo=scala">https://www.legismovil.pe/Home3.asp?modo=scala</a>
Nota pública: Versión digital <a href="Véase además: Base de datos LegisMóvil">Véase además: Base de datos LegisMóvil</a>
856 ## - URL - UBICACIÓN
URI/URL: Enlace exacto del recurso <a href="https://0u219lr1p-y-https-legal-legis-com-pe.itmsp.museknowledge.com/home/Corporativo">https://0u219lr1p-y-https-legal-legis-com-pe.itmsp.museknowledge.com/home/Corporativo</a>
Nota pública: Versión digital <a href="Véase además: Base de datos Multilegis">Véase además: Base de datos Multilegis</a>
942 ## - ELEMENTOS DE KOHA
Tipo de documento Libro
Nombre del creador Justo Noguera
Código de catalogador Margarita Torres
Esquema de clasificación Dewey Decimal Classification
Existencias
Codigo completo Registro Colección Copia número Disponibilidad Tipo de préstamo Biblioteca Actual Procedencia (Biblioteca) Ubicacón Fecha Ingreso Tipo de Adquisición Observación Date last seen Total checkouts Price effective from Tipo de Item Estado del Material Fuente de Clasificación Damaged status Withdrawn status
657 M19 1086302 Universidad Católica San Pablo 1 Disponible Disponible Víctor Andrés Belaunde Víctor Andrés Belaunde Primer piso 10/03/2026 Donación Libun 20/03/2026   20/03/2026 Libro Bueno Dewey Decimal Classification    
657 M19 1086303 Universidad Católica San Pablo 2 Disponible Disponible Víctor Andrés Belaunde Víctor Andrés Belaunde Primer piso 10/03/2026 Donación Libun 20/03/2026   20/03/2026 Libro Bueno Dewey Decimal Classification